Responses for Show #2667 - Tuesday, March 19, 1996

Contestants

[<< previous game]

Don Eyles, a computer scientist originally from Atlanta, Georgia

Betsy Lyons, a veterinarian from Pukalani, Hawaii

Elliot Wilen, a network administrator originally from Baltimore, Maryland (whose 2-day cash winnings total $23,801)

[next game >>]

Jeopardy! Round responses

THE 1930s
THE MOVIES
INVENTORS
NEW YORK CITY
GARNISHES
"Y"s GUYS
    $100 6
Franco

Elliot
    $100 16
Orson Welles

Elliot
    $100 1
a clock

Elliot
    $100 10
the Empire State Building

Don
    $100 25
croutons

Don
    $100 20
Yeltsin

Don
    $200 7
Mao

Elliot
    $200 17
Madonna

Elliot
    $200 2
(Don: What is Watt?)
(Betsy: Who is DeWitt Clinton?)

(Robert) Fulton

ElliotBetsyDon
    $200 11
Grand Central Station

Elliot
    $200 26
combs

Betsy
    $200 21
Yale

Elliot
    $300 8
(Don: Who is Al Capone?)

(John) Dillinger

BetsyDon
    $300 18
Han Solo

Elliot
    $300 3
(Elliot: What is a harvester?)

A reaper

ElliotDon
    $300 12
the Apollo

Elliot
    $300 27
chives

Betsy
    $300 22
Yeats

Don
    $400 9
(Betsy: What is Lake Champlain?)

Lake Placid

BetsyDon
    $400 19
An American in Paris

Don
    $400 4
nylon

Don
    $400 13
the Garment District

Elliot
    $400 28
parsley

Elliot
    $400 23
(Alvin) York

Elliot
    $500 15
(Betsy: Who is Carl Sandburg?)

T.S. Eliot

Betsy
Triple Stumper
    $500 29
(Elliot: What is The Last Picture Film?)

The Last Picture Show

ElliotDon
    $500 5
a computer

Don
    $200 14
the Algonquin

Elliot
    $500 30
asparagus

Don
    $500 24
(Chuck) Yeager

Don

Scores at the first commercial break (after clue 14):

Elliot Betsy Don
$1,400 -$300 $1,200

Scores at the end of the Jeopardy! Round:

Elliot Betsy Don
$2,500 -$300 $3,600

Double Jeopardy! Round responses

WORLD FLAGS
ARTISTS
VOCABULARY
COLONIAL AMERICANS
NEWSPAPERS
SHAKESPEAREAN LAST SCENES
    $200 6
the Andes

Betsy
    $200 9
Picasso

Don
    $200 1
forked

Elliot
    $200 16
Benjamin Franklin

Don
    $200 26
Japan

Betsy
    $200 21
Macbeth

Betsy
    $400 7
Canada

Betsy
    $400 10
Toulouse-Lautrec

Elliot
    $400 2
blanket

Elliot
    $400 17
Pocahontas

Elliot
    $400 27
The London Times

Don
    $400 22
Hamlet

Don
    $600 8
an olive branch

Don
    $600 11
Gauguin

Betsy
    $600 3
a palindrome

Don
    $600 18
(Elliot: Who is Cornwallis?)

(James) Oglethorpe

ElliotDon
    $600 28
Pravda

Elliot
    $600 23
Othello

Don
    $800 14
Rwanda

Triple Stumper
    $800 12
Seurat

Don
    $800 4
a fingerprint

Elliot
    $1,500 19
Roger Williams

Don
    $800 29
the Vatican

Don
    $800 24
The Merry Wives of Windsor

Don
    $1000 15
Malta

Don
    $1000 13
Titian

Elliot
    $1000 5
meander

Elliot
    $1000 20
(Elliot: Who is Myles Standish?)

John Alden

Elliot
Triple Stumper
    $1000 30
Manchester

Don
    $1,000 25
Julius Caesar & Antony and Cleopatra

Don

Scores at the end of the Double Jeopardy! Round:

Elliot Betsy Don
$5,700 $1,300 $14,100
(lock game)

[wagering suggestions for these scores]

Final Jeopardy! Round responses

THE AMERICAS
BetsyWhat is Nicarauga?
$1,299
ElliotWhat is Nicaragua
$3,100
DonWhat Nicaragua?
$2,600
Nicaragua

Final scores:

Elliot Betsy Don
$8,800 $2,599 $16,700
2nd place: Ashley dining table set + Bob Mitchell Designs home decor set 3rd place: RCR crystal stemware set New champion: $16,700

Game dynamics:

Coryat scores:

Elliot Betsy Don
$6,000 $1,300 $13,400
22 R
(including 1 DD),
4 W
8 R,
3 W
27 R
(including 2 DDs),
2 W

Combined Coryat: $20,700

[game clues] [game scores] [suggest correction]

Game tape date: Unknown
The J! Archive is created by fans, for fans. Scraping, republication, monetization, and malicious use prohibited; this site may use cookies and collect identifying information. See terms. The Jeopardy! game show and all elements thereof, including but not limited to copyright and trademark thereto, are the property of Jeopardy Productions, Inc. and are protected under law. This website is not affiliated with, sponsored by, or operated by Jeopardy Productions, Inc. Join the discussion at JBoard.tv.